000 00277nam a2200121Ia 4500
005 20251222155110.0
008 251222s9999||||xx |||||||||||||| ||spa||
082 _aEMI.40
100 _aBurrouglhs
245 0 _aEnfermería materno Infantil
264 _bNo tiene
942 _cLIB
999 _c38010
_d38010